Walking in the Wild / (Record no. 168980)

MARC details
000 -LEADER
fixed length control field 00726nam a22002177a 4500
005 - DATE AND TIME OF LATEST TRANSACTION
control field 20191105161255.0
010 ## - LCCN (DPL NO)
LC control number B-730805
020 ## - INTERNATIONAL STANDARD BOOK NUMBER
International Standard Book Number 9789353094195
Terms of availability 40.00
035 ## - SYSTEM CONTROL NUMBER
System control number B-730805
037 ## - SOURCE OF ACQUISITION
Stock number dpl
Source of stock number/acquisition Pratham
082 ## - DEWEY DECIMAL CLASSIFICATION NUMBER
Classification number S
100 ## - MAIN ENTRY--PERSONAL NAME
Personal name Mehta , Sejal
245 ## - TITLE STATEMENT
Title Walking in the Wild /
Statement of responsibility, etc by Sejal Mehta ; illustrated by Barkha Lohiya
250 ## - EDITION STATEMENT
Edition statement 3rd
260 ## - PUBLICATION, DISTRIBUTION, ETC. (IMPRINT)
Place of publication, distribution, etc New Delhi
Name of publisher, distributor, etc Pratham Books
Date of publication, distribution, etc 2018
270 ## - ADDRESS
Address 633-634,4th "C" Main,6th 'B' Cross, OMBR Layout Banaswadi,
City Bangalore
Postal code 560043
Telephone number 911141042483 (New Delhi)
300 ## - PHYSICAL DESCRIPTION
Extent 20p.
Other physical details ill.
Dimensions 17 cm.(pbk)
700 ## - ADDED ENTRY--PERSONAL NAME
Personal name Lohiya, Barkha
9 (RLIN) 35533
942 ## - ADDED ENTRY ELEMENTS (KOHA)
Source of classification or shelving scheme Dewey Decimal Classification
Item type Children Books
Classification part S
Call number suffix MEH
Holdings
Withdrawn status Lost status Not for loan Collection code Home library Current library Date acquired Source of acquisition Cost, normal purchase price Full call number Barcode Copy number Cost, replacement price Koha item type
      Fiction Kadipur Kadipur 01/11/2019 Gift/ Eng(Ch.) /31.10.2019 40.00 S MEH B-730805 1 40.00 Children Books

© Delhi Public Library
Hit Counter
free hit counter